Midland Expressway Limited v Carillion Construction Limited and others (Record no. 77561)

MARC details
000 -LEADER
fixed length control field 01587cab a2200193 4500
001 - CONTROL NUMBER
control field ##L134561
008 - FIXED-LENGTH DATA ELEMENTS--GENERAL INFORMATION
fixed length control field 060816n2006 000 0 eng u
035 ## - SYSTEM CONTROL NUMBER
System control number (Sirsi) u134561
041 0# - LANGUAGE CODE
Language code of text/sound track or separate title eng
245 00 - TITLE STATEMENT
Title Midland Expressway Limited v Carillion Construction Limited and others
260 ## - PUBLICATION, DISTRIBUTION, ETC.
Date of publication, distribution, etc. 2006
520 ## - SUMMARY, ETC.
Summary, etc. [2006] EWCA Civ 936, 15 June 2006. C appealed against a decision that three provisional sums contained in a contract between it and M should be deducted from the final contract price. In the course of litigation, C contended that under the terms of the contract, three provisional sums should be paid to it without adjustment. The judge held that these sums be omitted, and the actual sums added to the final contract price. "Held": a provisional sum was really a 'best guess', and when the actual value of the work was assessed it was added to the contract and the provisional sum deducted. If part of the work was not executed then the entire provisional sum relating to that work had to be deducted. There was no point in stating that the contract price included a provisional sum if that sum was payable anyway. The judge's decision was correct and the appeal was dismissed.
590 ## - LOCAL NOTE (RLIN)
Local note IKA220806
650 24 - SUBJECT ADDED ENTRY--TOPICAL TERM
Topical term or geographic name entry element MIDLAND EXPRESSWAY LTD V CARILLION CONSTRUCTION LTD AND OTHERS
651 #4 - SUBJECT ADDED ENTRY--GEOGRAPHIC NAME
Geographic name England and Wales
Chronological subdivision 1543-
690 ## - LOCAL SUBJECT ADDED ENTRY--TOPICAL TERM (OCLC, RLIN)
Topical term or geographic name as entry element BUILT ENVIRONMENT-CONSTRUCTION MANAGEMENT-BUILDING CONTRACT ADMINISTRATION
856 40 - ELECTRONIC LOCATION AND ACCESS
Uniform Resource Identifier <a href="https://www.bailii.org/cgi-bin/markup.cgi?doc=/ew/cases/EWCA/Civ/2006/936.html">https://www.bailii.org/cgi-bin/markup.cgi?doc=/ew/cases/EWCA/Civ/2006/936.html</a>
Public note View the item free of charge at www.bailii.org/...
942 ## - ADDED ENTRY ELEMENTS (KOHA)
Suppress in OPAC 0
Holdings
Withdrawn status Lost status Source of classification or shelving scheme Damaged status Not for loan Home library Current library Shelving location Date acquired Total Checkouts Full call number Barcode Date last seen Copy number Price effective from Koha item type
    Dewey Decimal Classification     Virtual Virtual Online 16/08/2006   ONLINE PUBLICATION 134561-1001 06/08/2019 1 06/08/2019 Law report